AH International Schools' Libraries

(Photocopy) Leadership for learning / (Record no. 49637)

MARC details
000 -LEADER
fixed length control field 00326nam a2200109 4500
020 ## - INTERNATIONAL STANDARD BOOK NUMBER
International Standard Book Number 9789087903886
245 ## - TITLE STATEMENT
Title (Photocopy) Leadership for learning /
Statement of responsibility, etc John Macbeath and YC Cheng.
260 ## - PUBLICATION, DISTRIBUTION, ETC. (IMPRINT)
Place of publication, distribution, etc Rotterdam:
Name of publisher, distributor, etc Sense Publishers;
Date of publication, distribution, etc 2008.
300 ## - PHYSICAL DESCRIPTION
Extent 345 p.
Dimensions 24 cm.
650 ## - SUBJECT ADDED ENTRY--TOPICAL TERM
Topical term or geographic name as entry element Educational leadership.
9 (RLIN) 86683
942 ## - ADDED ENTRY ELEMENTS (KOHA)
Source of classification or shelving scheme
Koha item type Teacher's Resources
Holdings
Withdrawn status Lost status Source of classification or shelving scheme Damaged status Not for loan Collection code Home library Current library Shelving location Date acquired Full call number Barcode Date last seen Price effective from Koha item type
          TEACHERS' RESOURCES Asian Hope Secondary Library Asian Hope Secondary Library SECONDARY 10/09/2025 370.195 MAC 208277 10/09/2025 10/09/2025 Teacher's Resources

For any Logos Library related questions please contact Miss Art at swongnarasuk@asianhope.org.

For any Asian Hope Library related questions please contact Miss Raza at graza@asianhope.org.

Powered by Koha